| 000 | 00515nam a2200181Ia 4500 | ||
|---|---|---|---|
| 005 | 20250508161649.0 | ||
| 008 | 008 250505s9999 xx 000 0 san d | ||
| 037 | _aTextual | ||
| 040 |
_aFEDL _beng _cFEDL |
||
| 041 |
_asan _2eng |
||
| 084 |
_a659.14, COL _qFEDL |
||
| 100 |
_aColeman Howard W _9771240 |
||
| 245 | 0 | _aCase studies in broadcast management | |
| 260 |
_aNew York, USA _bCommunication Arts Books _c1970 |
||
| 300 | _a95p. | ||
| 942 |
_cTEXL _h659.14, COL |
||
| 999 |
_c1371415 _d1371415 |
||